000 00609nam a2200181Ia 4500
008 100921s9999 xx 000 0 und d
082 _b25244
_a891.463 थ 92
100 _aलिमये नरूभाऊ.
245 _aघरटं छान छान.
260 _bअंजु प्रकाशन,पुणे.
_c1992
300 _a84
_bरसिक साहित्य,पुणे
365 _b50
520 _aललित-कथा.
630 _aघरटं छान छान.
650 _aललित-कथा.
730 _aघरटं छान छान.
942 _cBOOK
999 _c774357
_d774354